| 000 | 01552nam0a2200373 4500 | ||
|---|---|---|---|
| 001 | RU\NLR\BIBL_A\010563065 | ||
| 005 | 20260406091226.0 | ||
| 010 |
_a978-5-17-088575-6 _910000 |
||
| 021 |
_aRU _b2015-29029 _91716 |
||
| 021 |
_aRU _b2014-76795 _94697 |
||
| 035 | _a(NILC)RuMoRGB-007568604 | ||
| 035 | _a(NLR Aleph) 010563065 | ||
| 090 |
_a10389690 _c10389690 |
||
| 100 | _a20141211d2014 |||y0rusy50 ca | ||
| 101 | 0 | _arus | |
| 102 | _aRU | ||
| 105 | _aa|||z|||000ay | ||
| 200 | 1 |
_aТрикси Фикси и призрак кукольного театра _e[для младшего школьного возраста ] _fКатя Матюшкина _g[рис. Кати Матюшкиной и Кати Оковитой] |
|
| 210 |
_aМосква _cАСТ _d2014 |
||
| 215 |
_a77, [2] с. _cил. _d20 |
||
| 225 | 1 | _aЗвездные куколки | |
| 225 | 1 | _aТрикси Фрикси | |
| 333 | _a0+ | ||
| 686 | 0 | _aШ9(2)60=Р7-2 | |
| 700 | 1 |
_8rus _7ca _aМатюшкина _bЕ. А. _f1976- _gЕкатерина Александровна _3RU\NLR\AUTH\7746761 _929696 |
|
| 702 | 1 |
_4440 _8rus _7ca _aМатюшкина _bЕ. А. _f1976- _gЕкатерина Александровна _3RU\NLR\AUTH\7746761 _929696 |
|
| 702 | 1 |
_4070 _8rus _7ca _aОковитая _bЕ. В. _f1980- _gЕкатерина Викторовна _3RU\NLR\AUTH\7760013 _942944 |
|
| 801 | 0 |
_aRU _bРГБ _c20141016 _gRCR |
|
| 942 | _cBOOK | ||
| 980 | _aNBR | ||
| 980 | _aNB | ||